Rf̌lexions sur les statuts de victime en droit international pňal De Nuremberg ̉La Haye

Detalles Bibliográficos
Autor principal: Dezallai, Amanda
Formato: eBook
Lenguaje:francés
Publicado: Paris : Presses Acadm̌iques Francophones, 2012
Materias:
Acceso en línea:http://www.vlex.com/source/10367

MARC

LEADER 00000nam a22000007a 4500
005 20130408141555.0
007 cr|||| ||||
008 130408e2012 fr |||||s|||| 00||0 fre d
020 |a 9783838173184 
035 |a 10367 
040 |a vLex 
090 |c 4153  |d 4153 
100 1 0 |a Dezallai, Amanda 
245 1 0 |a Rf̌lexions sur les statuts de victime en droit international pňal  |b De Nuremberg ̉La Haye  |c / Amanda Dezallai   |h [Recurso electrn̤ico] 
256 |a Servicio en ln̕ea 
260 |a Paris :  |b Presses Acadm̌iques Francophones,   |c 2012 
300 |a 1 Recurso electrn̤ico 
506 |a Contenido solo disponible en los productos indicados  |d vLex Global  |d vLex Global (Academic Edition, excluding Law Schools)  |d vLex Global (U.S. Academic Edition, Law Schools)  |d vLex Global (U.S. Academic Edition, excluding Law Schools)  |d vLex Global (Academic Edition, Law Schools) 
650 0 4 |a Derecho penal internacional 
740 |a vLex Libros (Servicio en ln̕ea) 
856 |a Acceso restringido  |u http://www.vlex.com/source/10367 
942 |c BOOK 
999 0 |a Criminal jurisdiction